000 00550nab a2200205 a 4500
005 20210219161837.0
008 991125s1985 mx 000 0 spa u
035 _aUPN01000192689
100 1 _aVázquez Cuaxiloa, Noemí Lizett
222 _aROMPAN FILAS
245 _aEl adulto mayor y su importancia en la familia
260 _aMéxico
300 _a23-31
362 0 _a2012 Año 21, no. 119, jul.-ago.
653 0 _aADULTOS MAYORES
653 0 _aCALIDAD DE VIDA
653 0 _aENVEJECIMIENTO
653 0 _aFAMILIA
905 _aArticulo
999 _c164791
_d164791